Sri Aurobindo Ghosh: (Record no. 188390)

MARC details
000 -LEADER
fixed length control field 00564nam a22001817a 4500
005 - DATE AND TIME OF LATEST TRANSACTION
control field 20220520104735.0
010 ## - LCCN (DPL NO)
LC control number ENG-132731
020 ## - INTERNATIONAL STANDARD BOOK NUMBER
International Standard Book Number 978-81-92998-93-0
Terms of availability 495.00
035 ## - SYSTEM CONTROL NUMBER
System control number EN-116263
037 ## - SOURCE OF ACQUISITION
Source of stock number/acquisition DBAD/PUB
082 ## - DEWEY DECIMAL CLASSIFICATION NUMBER
Classification number 618.2
100 ## - MAIN ENTRY--PERSONAL NAME
Personal name Manoj Kumar Singh
245 ## - TITLE STATEMENT
Title Sri Aurobindo Ghosh:
Remainder of title Life and his phlosophy/
Statement of responsibility, etc Manoj Kumar Singh
260 ## - PUBLICATION, DISTRIBUTION, ETC. (IMPRINT)
Place of publication, distribution, etc New Delhi
Name of publisher, distributor, etc Global Vision Press
Date of publication, distribution, etc 2015
270 ## - ADDRESS
Address 110, Gali no. 4, Harphool Vihar, Baprola
City New Delhi
Postal code 110043
300 ## - PHYSICAL DESCRIPTION
Extent 176p.
Dimensions 22cm(hbk)
942 ## - ADDED ENTRY ELEMENTS (KOHA)
Source of classification or shelving scheme Dewey Decimal Classification
Item type English Books
Classification part 181.499
Call number suffix MAN
Holdings
Withdrawn status Lost status Not for loan Collection code Home library Current library Date acquired Source of acquisition Cost, normal purchase price Full call number Barcode Copy number Cost, replacement price Koha item type
      Non-fiction Patel Nagar Patel Nagar 20/05/2022 DBAD/PUB 495.00 181.499 MAN EN-116263 1 495.00 English Books

© Delhi Public Library
Hit Counter
free hit counter